Literary Lovers Quiz Stats

 Plays Quiz Updated Mar 2, 2020

     
Support Sporcle.
Go Orange.
Score 0/30 Timer 07:00
1 Play Today
Character Lover % Correct
Juliet CapuletRomeo Montague
96.9%
Maid MarianRobin Hood
88.5%
Queen GuinevereSir Lancelot
81%
Elizabeth BennetFitzwilliam Darcy
76.2%
Scarlett O'HaraRhett Butler
68.2%
Daisy BuchananJay Gatsby
63.5%
EsmeraldaQuasimodo
57.8%
DesdemonaOthello
55.9%
Isolde of IrelandTristan
54.4%
ButtercupWestley
47.2%
Jane EyreEdward Rochester
44.8%
Catherine EarnshawHeathcliff
40.3%
RoxaneCyrano de Bergerac
34.5%
EurydiceOrpheus
29.2%
Marius PontmercyCosette
27.8%
Character Lover % Correct
Doctor Yuri ZhivagoLarissa Feodorovna Guishar
26.3%
Christine DaaéRaoul, Vicomte de Chagny
21.9%
Philip Pirrip (Pip)Estella
21.7%
Anne ShirleyGilbert Blythe
18.2%
Princess Anna Arkadyevna KareninaCount Alexei Kirillovich Vronsky
16.8%
Marianne DashwoodColonel Christopher Brandon
15.4%
Mercédès HerreraEdmond Dantès
13.3%
Maximilian (Maxim) de WinterMrs. de Winter
12.5%
Constance, Lady ChatterleyOliver Mellors
10.5%
Lady RowenaWilfred of Ivanhoe
9.4%
Bathsheba EverdeneGabriel Oak
6.9%
Pierre BezukhovNatasha Rostova
5%
Fermina DazaFlorentino Ariza
2.9%
Pamela AndrewsMr. B
2.1%
Emily (Emelia)Palamon
1.5%

From the Vault

Smaller than Djibouti

by petenge

There's a yo mama joke hiding in this quiz title somewhere.
Remove Ads.
Support Sporcle.
Get the best of Sporcle when you Go Orange. This ad-free experience offers more features, more stats, and more fun while also helping to support Sporcle. Thank you for becoming a member.

Show Comments

Extras

Top Quizzes Today


Score Distribution

Your Account Isn't Verified!

In order to create a playlist on Sporcle, you need to verify the email address you used during registration. Go to your Sporcle Settings to finish the process.

Report this User

Report this user for behavior that violates our Community Guidelines.

Details: